[Event "Oberliga Nord O 2324"]
[Site "Germany"]
[Date "2024.02.04"]
[Round "5.3"]
[White "Waldmann, Hans Joachim"]
[Black "Urban, Julian"]
[Result "1-0"]
[WhiteElo "2269"]
[BlackElo "2233"]
[PlyCount "79"]
[EventDate "2023.10.22"]
[EventType "team-tourn"]
[EventRounds "9"]
[EventCountry "GER"]
[SourceTitle "EXT 2025"]
[Source "ChessBase"]
[SourceDate "2024.10.14"]
[SourceVersion "1"]
[SourceVersionDate "2024.10.14"]
[SourceQuality "1"]
[WhiteTeam "Berlin Weisse Dame"]
[BlackTeam "Berlin Empor"]
[WhiteTeamCountry "GER"]
[BlackTeamCountry "GER"]

1. d4 Nc6 2. d5 Nb8 3. e4 d6 4. Nc3 Nf6 5. Bg5 g6 6. Qd2 Bg7 7. 0-0-0 h6 8. Be3 c6 9. f3 Nbd7 10. g4 Qc7 11. h4 a6 12. Nge2 Ne5 13. Ng1 b5 14. dxc6 Qxc6 15. Nd5 Nxd5 16. exd5 Qc7 17. Bd4 0-0 18. Be2 Bb7 19. Nh3 Rfc8 20. f4 Nf3 21. Bxf3 Bxd4 22. Kb1 Bg7 23. f5 Rf8 24. Be4 e5 25. fxg6 fxg6 26. Bxg6 e4 27. Nf4 Qe7 28. Ne6 Qf6 29. Nxg7 Qxg6 30. Nf5 Rae8 31. h5 Qf6 32. Nxh6+ Kh8 33. Nf5 Re5 34. Ne3 Qg5 35. Qd4 Kh7 36. b3 Rf3 37. Rhe1 Bc8 38. Rd2 Qf6 39. Rg2 Rg5 40. Qxe4+ 1-0

[Event "Oberliga Nord O 1920"]
[Site "Germany"]
[Date "2020.01.19"]
[Round "5.4"]
[White "Urban, Julian"]
[Black "Skibbe, Willi"]
[Result "1/2-1/2"]
[WhiteElo "2239"]
[BlackElo "2214"]
[PlyCount "61"]
[EventDate "2019.09.29"]
[EventType "team-tourn"]
[EventRounds "9"]
[EventCountry "GER"]
[SourceTitle "CBM 195 Extra"]
[Source "ChessBase"]
[SourceDate "2020.05.31"]
[SourceVersion "1"]
[SourceVersionDate "2020.05.31"]
[SourceQuality "1"]

1. Nf3 d5 2. g3 c5 3. Bg2 Nc6 4. 0-0 e6 5. d3 Bd6 6. e4 Nge7 7. Nbd2 f6 8. exd5 exd5 9. c4 Be6 10. Re1 Qd7 11. Qe2 Bg4 12. cxd5 Nd4 13. Qd1 0-0-0 14. Nb3 Nxf3+ 15. Bxf3 h5 16. Be3 Qf5 17. Be4 Bxd1 18. Bxf5+ Nxf5 19. Raxd1 b6 20. d4 c4 21. Rc1 b5 22. a4 a6 23. axb5 axb5 24. Nc5 Bxc5 25. dxc5 Rxd5 26. Ra1 Kb7 27. c6+ Kxc6 28. Ra6+ Kd7 29. Ra7+ Kc6 30. Ra6+ Kd7 31. Ra7+ 1/2-1/2

[Event "Oberliga Nord O 1920"]
[Site "Germany"]
[Date "2019.11.24"]
[Round "3.4"]
[White "Urban, Julian"]
[Black "Urban, Hans Rainer"]
[Result "1-0"]
[WhiteElo "2239"]
[BlackElo "2030"]
[PlyCount "123"]
[EventDate "2019.09.29"]
[EventType "team-tourn"]
[EventRounds "9"]
[EventCountry "GER"]
[SourceTitle "CBM 195 Extra"]
[Source "ChessBase"]
[SourceDate "2020.05.31"]
[SourceVersion "1"]
[SourceVersionDate "2020.05.31"]
[SourceQuality "1"]

1. b3 e5 2. Bb2 Nc6 3. e3 Nf6 4. c4 Be7 5. d3 0-0 6. a3 Re8 7. Nf3 Bf8 8. Be2 d6 9. Nc3 a6 10. Qc2 g6 11. 0-0 Bg7 12. Rac1 Bf5 13. Nd2 Rc8 14. Nde4 Ne7 15. b4 Nd7 16. Ng3 Be6 17. Bf3 Rb8 18. Bd5 Nf8 19. Bf3 Nd7 20. Rfd1 f5 21. Be2 h5 22. d4 h4 23. Nf1 exd4 24. exd4 Bh6 25. d5 Bf7 26. Rd4 Bg5 27. Rcd1 Bf6 28. R4d2 Kg7 29. f4 Ng8 30. Bf3 Qe7 31. Ne2 Bxb2 32. Qxb2+ Qf6 33. Nd4 Re7 34. Qc3 a5 35. c5 axb4 36. axb4 Nf8 37. Ne3 Nh6 38. h3 Rbe8 39. Nc4 b6 40. cxd6 cxd6 41. Nxd6 Rd8 42. Nc8 Ree8 43. Na7 Bxd5 44. Nac6 Rd6 45. Ne5 Nf7 46. Nb5 Nxe5 47. Nxd6 Nxf3+ 48. Qxf3 Qxd6 49. Rxd5 Qxb4 50. Qf2 Ne6 51. Rd7+ Kg8 52. Qxh4 Nf8 53. Rd8 Rxd8 54. Rxd8 Qc3 55. Qg5 Qg7 56. Kh2 Qf7 57. Rb8 Kg7 58. Qd8 Nh7 59. Qd4+ Kh6 60. Rxb6 Qc7 61. Rd6 Qg7 62. Qxg7+ 1-0

[Event "Oberliga Nord O 1819"]
[Site "Germany"]
[Date "2018.12.16"]
[Round "4.3"]
[White "Urban, Julian"]
[Black "Hansch, Stephan"]
[Result "1/2-1/2"]
[WhiteElo "2248"]
[BlackElo "2208"]
[PlyCount "99"]
[EventDate "2018.10.21"]
[EventType "team-tourn"]
[EventRounds "9"]
[EventCountry "GER"]
[SourceTitle "EXT 2020"]
[Source "ChessBase"]
[SourceDate "2019.10.17"]
[SourceVersion "1"]
[SourceVersionDate "2019.10.17"]
[SourceQuality "1"]
[WhiteTeam "Berlin Empor"]
[BlackTeam "Potsdam Empor"]
[WhiteTeamCountry "GER"]
[BlackTeamCountry "GER"]

1. b3 d5 2. Bb2 Nf6 3. e3 c5 4. Nf3 Nc6 5. Bb5 Bg4 6. Bxc6+ bxc6 7. d3 e6 8. Nbd2 Be7 9. 0-0 0-0 10. Qe1 Bxf3 11. Nxf3 Qb6 12. Qe2 Rfd8 13. Nd2 Qb4 14. a4 Qg4 15. f3 Qg6 16. f4 h5 17. Nf3 Rac8 18. Ne5 Qh6 19. Rae1 Nd7 20. Nxd7 Rxd7 21. e4 f5 22. exf5 exf5 23. Qe6+ Qxe6 24. Rxe6 Kf7 25. Rfe1 Bd6 26. Bc1 Re7 27. Rxe7+ Bxe7 28. Kf2 Bf6 29. Kf3 a6 30. Ba3 Bd4 31. Re2 Rb8 32. Re1 g6 33. Re2 Rb7 34. g3 Rb8 35. Re1 Rb7 36. h3 Rc7 37. Re2 Rb7 38. Re1 Rb8 39. Rd1 Re8 40. Bc1 Bc3 41. Be3 d4 42. Bf2 Bb4 43. Rg1 Kf6 44. g4 hxg4+ 45. hxg4 Rh8 46. g5+ Kg7 47. Be1 Re8 48. Bf2 Re7 49. Ra1 a5 50. Rd1 1/2-1/2

[Event "Oberliga Nord O 1718"]
[Site "Germany"]
[Date "2018.04.15"]
[Round "9.3"]
[White "Gropp, Andreas"]
[Black "Urban, Julian"]
[Result "1/2-1/2"]
[WhiteElo "2147"]
[BlackElo "2249"]
[PlyCount "146"]
[EventDate "2017.10.08"]
[EventType "team-tourn"]
[EventRounds "9"]
[EventCountry "GER"]
[SourceTitle "EXT 2019"]
[Source "ChessBase"]
[SourceDate "2018.10.10"]
[SourceVersion "1"]
[SourceVersionDate "2018.10.10"]
[SourceQuality "1"]
[WhiteTeam "Neuruppin"]
[BlackTeam "Berlin Empor"]
[WhiteTeamCountry "GER"]
[BlackTeamCountry "GER"]

1. c4 b6 2. Nc3 Bb7 3. e4 e6 4. Nf3 Bb4 5. Bd3 Ne7 6. a3 Bxc3 7. dxc3 Nbc6 8. Bg5 f6 9. Be3 Ng6 10. Qe2 Qe7 11. 0-0-0 0-0-0 12. c5 Kb8 13. Ba6 d6 14. cxb6 axb6 15. Nd4 Qd7 16. Bxb7 Kxb7 17. Qc4 Rhe8 18. Qxc6+ Qxc6 19. Nxc6 Kxc6 20. Rhe1 Ra8 21. f4 Ra4 22. Rd4 Rea8 23. Rxa4 Rxa4 24. Bd2 b5 25. Kc2 Ne7 26. Kd3 d5 27. Bc1 Kd7 28. Re2 c5 29. exd5 exd5 30. Be3 c4+ 31. Kc2 Nc6 32. Bc5 Ra8 33. Kd2 Re8 34. Rxe8 Kxe8 35. Ke3 f5 36. Bd6 Kd7 37. Bf8 g6 38. Bc5 Ke6 39. Bb6 Kd6 40. Kf3 Nb8 41. Ke3 Nd7 42. Bd4 Nf8 43. Kd2 Ne6 44. g3 Kc6 45. Kc2 Kb7 46. b4 h5 47. h4 Kc6 48. Kd2 Nd8 49. Ke3 Nf7 50. Bc5 Nd8 51. Bd4 Kd7 52. Kf3 Nb7 53. Be5 Nd8 54. Bd4 Ke6 55. Ke3 Nf7 56. Bc5 Nd8 57. Bd4 Nc6 58. Bc5 d4+ 59. Bxd4 Kd5 60. Bc5 Nb8 61. Ba7 Nc6 62. Bc5 Nd8 63. Bd4 Nf7 64. Bc5 Nh6 65. Bd4 Ng4+ 66. Kf3 Nh6 67. Ke3 Ng8 68. Kf3 Ne7 69. Bc5 Nc6 70. Ke3 Nb8 71. Ba7 Na6 72. Bb6 Nb8 73. Ba7 Nc6 1/2-1/2

[Event "Oberliga Nord O 1617"]
[Site "Germany"]
[Date "2017.02.19"]
[Round "6.3"]
[White "Urban, Julian"]
[Black "Gyorkos, Lajos"]
[Result "0-1"]
[WhiteElo "2232"]
[BlackElo "2340"]
[PlyCount "58"]
[EventDate "2016.10.16"]
[EventType "team-tourn"]
[EventRounds "9"]
[EventCountry "GER"]
[SourceTitle "EXT 2018"]
[Source "ChessBase"]
[SourceDate "2017.10.13"]
[SourceVersion "1"]
[SourceVersionDate "2017.10.13"]
[SourceQuality "1"]
[WhiteTeam "Berlin Empor"]
[BlackTeam "Neuruppin"]
[WhiteTeamCountry "GER"]
[BlackTeamCountry "GER"]

1. Nf3 Nf6 2. g3 g6 3. Bg2 Bg7 4. d3 d5 5. 0-0 0-0 6. Nbd2 c5 7. e4 Nc6 8. Re1 b6 9. exd5 Nxd5 10. Nc4 Bb7 11. Bd2 Qc7 12. Qc1 e5 13. Bh6 Bxh6 14. Qxh6 f6 15. c3 Nde7 16. Ne3 Nd8 17. Qh4 Kg7 18. Rad1 Nf7 19. Qg4 Rad8 20. Nh4 Bxg2 21. Kxg2 Qd7 22. Nf3 Nc6 23. Qc4 Qb7 24. Kg1 Rd7 25. d4 cxd4 26. cxd4 exd4 27. Nxd4 Nxd4 28. Rxd4 Rxd4 29. Qxd4 Ne5 0-1

[Event "Oberliga Nord O 1617"]
[Site "Germany"]
[Date "2017.01.15"]
[Round "4.4"]
[White "Luther, Alexander"]
[Black "Urban, Julian"]
[Result "0-1"]
[WhiteElo "2001"]
[BlackElo "2232"]
[PlyCount "98"]
[EventDate "2016.10.16"]
[EventType "team-tourn"]
[EventRounds "9"]
[EventCountry "GER"]
[SourceTitle "EXT 2018"]
[Source "ChessBase"]
[SourceDate "2017.10.13"]
[SourceVersion "1"]
[SourceVersionDate "2017.10.13"]
[SourceQuality "1"]
[WhiteTeam "Guestrow/Teterow"]
[BlackTeam "Berlin Empor"]
[WhiteTeamCountry "GER"]
[BlackTeamCountry "GER"]

1. e4 Nc6 2. Nf3 d6 3. d4 Nf6 4. Nc3 Bg4 5. d5 Nb8 6. h3 Bxf3 7. Qxf3 g6 8. Bg5 Bg7 9. Qe3 h6 10. Bf4 c6 11. Bd3 Nbd7 12. 0-0 Qb6 13. Qd2 Nh5 14. Be3 Bd4 15. Bxd4 Qxd4 16. Ne2 Qb6 17. c4 a5 18. Kh2 Qb4 19. Qc2 0-0 20. f4 Nhf6 21. Rf3 b5 22. a3 Qc5 23. dxc6 Qxc6 24. cxb5 Qb6 25. a4 Rac8 26. Qd2 Nc5 27. Nc3 Nb3 28. Qd1 Nxa1 29. Qxa1 Qd4 30. Qb1 Rc5 31. f5 g5 32. Qf1 Qe5+ 33. Kh1 h5 34. Qc1 Nh7 35. f6 exf6 36. Qe3 Re8 37. Qf2 Rxc3 38. bxc3 Qxc3 39. Bc2 Qb2 40. g3 Kg7 41. Kg2 g4 42. hxg4 Ng5 43. Rb3 Qc1 44. Rb1 Qa3 45. b6 hxg4 46. b7 Rb8 47. Qe2 Nf3 48. Qd3 Qc5 49. Qe2 Rh8 0-1

[Event "Oberliga Nord O 0506"]
[Site "Germany"]
[Date "2006.04.02"]
[Round "9.1"]
[White "Urban, Julian"]
[Black "Cladouras, Panagiotis"]
[Result "0-1"]
[WhiteElo "2246"]
[BlackElo "2346"]
[PlyCount "62"]
[EventDate "2005.10.23"]
[EventType "team-tourn"]
[EventRounds "9"]
[EventCountry "GER"]
[SourceTitle "EXT 2007"]
[Source "ChessBase"]
[SourceDate "2006.11.23"]
[SourceVersion "1"]
[SourceVersionDate "2006.11.23"]
[SourceQuality "1"]
[WhiteTeam "Berlin Empor"]
[BlackTeam "Lasker Steglitz"]
[WhiteTeamCountry "GER"]
[BlackTeamCountry "GER"]

1. Nf3 c5 2. e3 Nf6 3. b3 e6 4. Bb2 Be7 5. c4 0-0 6. Nc3 b6 7. d4 cxd4 8. exd4 d5 9. Bd3 Bb7 10. 0-0 Nbd7 11. Qe2 a6 12. Ne5 dxc4 13. bxc4 Nxe5 14. dxe5 Nd7 15. Rad1 Bc6 16. Ne4 Bxe4 17. Bxe4 Ra7 18. Rd3 Qc8 19. Rfd1 Nc5 20. Rh3 g6 21. Bc2 Rd8 22. Rd6 Bf8 23. Qg4 Rad7 24. Qh4 h6 25. Qg4 Bg7 26. Bxg6 Rxd6 27. exd6 Bxb2 28. Bxf7+ Kxf7 29. Qh5+ Kg8 30. Rg3+ Bg7 31. Qxh6 Qb7 0-1

[Event "Oberliga Nord O 0405"]
[Site "Germany"]
[Date "2005.04.10"]
[Round "9.1"]
[White "Meister, Jakob"]
[Black "Urban, Julian"]
[Result "0-1"]
[WhiteElo "2510"]
[BlackElo "2272"]
[PlyCount "83"]
[EventDate "2004.10.24"]
[EventType "team-tourn"]
[EventRounds "9"]
[EventCountry "GER"]
[SourceTitle "EXT 2006"]
[Source "ChessBase"]
[SourceDate "2005.11.24"]
[SourceVersion "1"]
[SourceVersionDate "2005.11.24"]
[SourceQuality "1"]
[WhiteTeam "Friesen Lichtenberg"]
[BlackTeam "Berlin Empor"]
[WhiteTeamCountry "GER"]
[BlackTeamCountry "GER"]

1. e4 c5 2. Nf3 e6 3. c3 Nf6 4. e5 Nd5 5. d4 cxd4 6. cxd4 Nc6 7. Nc3 d6 8. exd6 Nxc3 9. bxc3 Qxd6 10. Bd3 Be7 11. Qe2 b6 12. 0-0 Bb7 13. Re1 0-0 14. h4 Rac8 15. Bd2 Na5 16. Ne5 Qd5 17. Nf3 Nc4 18. Bf4 Rfd8 19. Rac1 h6 20. Qf1 b5 21. Be4 Qd7 22. Bxb7 Qxb7 23. Qe2 Qd5 24. Bg3 Rc6 25. Nh2 Rdc8 26. Qg4 Bf6 27. Bf4 h5 28. Qg3 Nb6 29. Be5 Nd7 30. Bxf6 Nxf6 31. Re5 Qxa2 32. Rg5 Ne4 33. Rxg7+ Kf8 34. Qf4 Qxf2+ 35. Qxf2 Nxf2 36. Rh7 Kg8 37. Rxh5 Ne4 38. Rf1 Nxc3 39. Ng4 Ne2+ 40. Kh2 Nxd4 41. Nh6+ Kg7 42. Nxf7 0-1

[Event "Berlin op 03"]
[Site "Berlin"]
[Date "2005.03.29"]
[Round "5"]
[White "Urban, Julian"]
[Black "Lachmann, Utz"]
[Result "1/2-1/2"]
[WhiteElo "2262"]
[BlackElo "2133"]
[PlyCount "66"]
[EventDate "2005.03.25"]
[EventType "swiss"]
[EventRounds "9"]
[EventCountry "GER"]
[SourceTitle "EXT 2007"]
[Source "ChessBase"]
[SourceDate "2006.11.23"]
[SourceVersion "1"]
[SourceVersionDate "2006.11.23"]
[SourceQuality "1"]

1. d4 f5 2. c4 Nf6 3. Nc3 g6 4. g3 Bg7 5. Bg2 d6 6. Nf3 0-0 7. 0-0 Nc6 8. d5 Na5 9. Qd3 c5 10. b3 a6 11. Bb2 Rb8 12. Nd2 Bd7 13. a4 Ng4 14. f4 Bd4+ 15. Kh1 Qb6 16. Nd1 Bxb2 17. Nxb2 Qb4 18. h3 Nf6 19. Qe3 Rbe8 20. Nd3 Qc3 21. Rfc1 Qd4 22. Qxd4 cxd4 23. b4 Ne4 24. Nxe4 fxe4 25. bxa5 exd3 26. exd3 Bf5 27. Rab1 Bxd3 28. Rxb7 Be2 29. Rb2 d3 30. Bf1 Rb8 31. Rd2 Rb3 32. Bxe2 dxe2 33. Kg2 g5 1/2-1/2

[Event "Berlin op 03"]
[Site "Berlin"]
[Date "2005.03.25"]
[Round "1"]
[White "Keskowski, Thilo"]
[Black "Urban, Julian"]
[Result "1-0"]
[WhiteElo "2158"]
[BlackElo "2262"]
[PlyCount "81"]
[EventDate "2005.03.25"]
[EventType "swiss"]
[EventRounds "9"]
[EventCountry "GER"]
[SourceTitle "EXT 2007"]
[Source "ChessBase"]
[SourceDate "2006.11.23"]
[SourceVersion "1"]
[SourceVersionDate "2006.11.23"]
[SourceQuality "1"]

1. e4 c5 2. Nc3 e6 3. g3 Nc6 4. Bg2 Nf6 5. d3 Be7 6. f4 d5 7. e5 Nd7 8. Nh3 Nd4 9. Ne2 Nf5 10. c4 Nb6 11. b3 Bd7 12. 0-0 h5 13. a4 Bc6 14. a5 Nd7 15. cxd5 exd5 16. Nc3 Nb8 17. Ng5 Qd7 18. Bh3 Na6 19. g4 hxg4 20. Qxg4 Bxg5 21. fxg5 g6 22. Qf3 0-0-0 23. Bxf5 gxf5 24. d4 Rh4 25. Bf4 Rdh8 26. Bg3 Rxd4 27. Qxf5 Qxf5 28. Rxf5 Rd3 29. Ne2 Rg8 30. Rxf7 Re3 31. Nf4 Rxg5 32. e6 Rg8 33. e7 Kd7 34. Nh5 Ke8 35. Rh7 Rg6 36. Ng7+ Kf7 37. Nf5+ Kg8 38. Nxe3 Kxh7 39. Rf1 Be8 40. Nxd5 Kg7 41. Rf8 1-0

[Event "Oberliga Nord O 0304"]
[Site "Germany"]
[Date "2004.03.07"]
[Round "7.1"]
[White "Urban, Julian"]
[Black "Murawski, Grzegorz"]
[Result "1/2-1/2"]
[WhiteElo "2257"]
[BlackElo "2362"]
[PlyCount "71"]
[EventDate "2003.10.12"]
[EventType "team-tourn"]
[EventRounds "9"]
[EventCountry "GER"]
[SourceTitle "EXT 2005"]
[Source "ChessBase"]
[SourceDate "2004.11.15"]
[SourceVersion "1"]
[SourceVersionDate "2004.11.15"]
[SourceQuality "1"]
[WhiteTeam "Berlin Empor"]
[BlackTeam "Lasker Steglitz"]
[WhiteTeamCountry "GER"]
[BlackTeamCountry "GER"]

1. Nf3 Nf6 2. g3 g6 3. Bg2 Bg7 4. d3 d5 5. 0-0 0-0 6. Nbd2 c5 7. e4 dxe4 8. dxe4 Nc6 9. a3 e5 10. Qe2 Qc7 11. Nc4 h6 12. Ne3 Be6 13. Nd2 Rad8 14. Qb5 b6 15. Ndc4 Rd7 16. a4 Rfd8 17. a5 Nxa5 18. Nxa5 bxa5 19. c4 Rd4 20. Nd5 Bxd5 21. exd5 Rb8 22. Qxa5 Qxa5 23. Rxa5 Rxc4 24. Rxa7 Rd8 25. Rd1 Rd4 26. Rxd4 exd4 27. Rc7 Bf8 28. Bd2 Ne8 29. Rc6 Kg7 30. Kf1 Be7 31. Ke2 Nf6 32. h3 Nd7 33. Bf4 g5 34. Bc7 Rg8 35. Kd3 Bd8 36. Bd6 1/2-1/2

[Event "Oberliga Nord O 0304"]
[Site "Germany"]
[Date "2003.10.12"]
[Round "1.2"]
[White "Hansen, Kay"]
[Black "Urban, Julian"]
[Result "1-0"]
[WhiteElo "2230"]
[BlackElo "2257"]
[PlyCount "60"]
[EventDate "2003.10.12"]
[EventType "team-tourn"]
[EventRounds "9"]
[EventCountry "GER"]
[SourceTitle "EXT 2005"]
[Source "ChessBase"]
[SourceDate "2004.11.15"]
[SourceVersion "1"]
[SourceVersionDate "2004.11.15"]
[SourceQuality "1"]
[WhiteTeam "Weisse Dame"]
[BlackTeam "Berlin Empor"]
[WhiteTeamCountry "GER"]
[BlackTeamCountry "GER"]

1. d4 Nf6 2. Bg5 d5 3. Nd2 e6 4. e3 c5 5. c3 Nbd7 6. Ngf3 Be7 7. Be2 b6 8. 0-0 Bb7 9. a4 h6 10. Bh4 0-0 11. Qb1 Ne4 12. Bxe7 Qxe7 13. Nxe4 dxe4 14. Nd2 cxd4 15. exd4 e5 16. dxe5 Qxe5 17. Bb5 Nf6 18. Nc4 Qc7 19. Ne3 Rad8 20. Rd1 Rxd1+ 21. Qxd1 Rd8 22. Qe2 Nd5 23. Nxd5 Rxd5 24. Rd1 Qd7 25. Rxd5 Qxd5 26. Bc4 Qc6 27. Bb3 Qc5 28. Qd2 Qc7 29. h3 Ba6 30. Qd4 Bd3 1-0

[Event "Oberliga Nord O 0203"]
[Site "Germany"]
[Date "2003.02.23"]
[Round "7.2"]
[White "Czerwonski, Aleksander"]
[Black "Urban, Julian"]
[Result "1/2-1/2"]
[WhiteElo "2374"]
[BlackElo "2259"]
[PlyCount "66"]
[EventDate "2002.10.20"]
[EventType "team-tourn"]
[EventRounds "9"]
[EventCountry "GER"]
[SourceTitle "EXT 2009"]
[Source "ChessBase"]
[SourceDate "2008.11.26"]
[SourceVersion "1"]
[SourceVersionDate "2008.11.26"]
[SourceQuality "1"]
[WhiteTeam "Schwedt "]
[BlackTeam "Berlin Empor"]
[WhiteTeamCountry "GER"]
[BlackTeamCountry "GER"]

1. d4 Nf6 2. c4 c5 3. d5 e5 4. Nc3 d6 5. e4 Be7 6. Nf3 Nbd7 7. g3 0-0 8. Bg2 a6 9. a4 Ne8 10. Qe2 g6 11. h4 Ng7 12. Bh6 Nf6 13. Nh2 Kh8 14. Nf1 Ng8 15. Bd2 f5 16. h5 gxh5 17. exf5 Bxf5 18. Ne3 Bg6 19. Be4 Qe8 20. g4 Nf6 21. Bxg6 Qxg6 22. 0-0-0 hxg4 23. Rdg1 Nf5 24. Nxf5 Qxf5 25. Rg3 Rf7 26. f3 Rg8 27. fxg4 Rxg4 28. Rf1 Qxf1+ 29. Qxf1 Rxg3 30. Ne4 Rg6 31. Ng5 Rf8 32. Qh3 h5 33. Qf5 Rfg8 1/2-1/2

[Event "Oberliga Nord O 0102"]
[Site "Germany"]
[Date "2002.04.28"]
[Round "9.2"]
[White "Haessler, Wolfgang"]
[Black "Urban, Julian"]
[Result "0-1"]
[WhiteElo "2250"]
[BlackElo "2245"]
[PlyCount "34"]
[EventDate "2001.10.07"]
[EventType "team-tourn"]
[EventRounds "9"]
[EventCountry "GER"]
[SourceTitle "EXT 2002"]
[Source "ChessBase"]
[SourceDate "2001.11.25"]
[SourceVersion "1"]
[SourceVersionDate "2001.11.25"]
[SourceQuality "1"]
[WhiteTeam "Friesen Lichtenberg"]
[BlackTeam "Berlin Empor"]
[WhiteTeamCountry "GER"]
[BlackTeamCountry "GER"]

1. e4 Nc6 2. Nc3 Nf6 3. f4 d5 4. e5 d4 5. exf6 dxc3 6. bxc3 exf6 7. Bb5 Bd7 8. Nf3 Bd6 9. Qe2+ Ne7 10. 0-0 0-0 11. Bxd7 Qxd7 12. Rb1 Nd5 13. g3 Rfe8 14. Qd3 Bc5+ 15. Kh1 Rad8 16. Bb2 Qc6 17. Qf5 Ne7 0-1

[Event "Oberliga Nord O 0102"]
[Site "Germany"]
[Date "2001.10.07"]
[Round "1.2"]
[White "Urban, Julian"]
[Black "Simon, Ralf Axel"]
[Result "0-1"]
[WhiteElo "2245"]
[BlackElo "2220"]
[PlyCount "55"]
[EventDate "2001.10.07"]
[EventType "team-tourn"]
[EventRounds "9"]
[EventCountry "GER"]
[SourceTitle "EXT 2002"]
[Source "ChessBase"]
[SourceDate "2001.11.25"]
[SourceVersion "1"]
[SourceVersionDate "2001.11.25"]
[SourceQuality "1"]
[WhiteTeam "Berlin Empor"]
[BlackTeam "Rehberge"]
[WhiteTeamCountry "GER"]
[BlackTeamCountry "GER"]

1. Nf3 d5 2. g3 Nd7 3. d4 b6 4. Bg2 Bb7 5. 0-0 e6 6. b3 Ngf6 7. Bb2 Be7 8. Nbd2 0-0 9. c4 c5 10. cxd5 Bxd5 11. Nc4 Rc8 12. Rc1 Rc7 13. dxc5 Bxc5 14. Ncd2 Qb8 15. e3 Rfc8 16. Qe2 Qa8 17. Rfd1 Bb4 18. Bf1 Rc2 19. Rxc2 Rxc2 20. Bxf6 Nxf6 21. Nd4 Rxa2 22. Qd3 Rxd2 23. Rxd2 Bxd2 24. Qxd2 Qc8 25. Qd3 Qc1 26. Qb5 g6 27. Qe8+ Kg7 28. Qb8 0-1

[Event "Oberliga Nord O 0001"]
[Site "Germany"]
[Date "2001.??.??"]
[Round "?"]
[White "Brameyer, Hermann"]
[Black "Urban, Julian"]
[Result "1/2-1/2"]
[WhiteElo "2270"]
[BlackElo "2230"]
[PlyCount "31"]
[EventDate "2000.10.??"]
[EventType "team-tourn"]
[EventRounds "9"]
[EventCountry "GER"]
[SourceTitle "EXT 2004"]
[Source "ChessBase"]
[SourceDate "2003.11.25"]
[SourceVersion "1"]
[SourceVersionDate "2003.11.25"]
[SourceQuality "1"]

1. d4 Nf6 2. Nf3 d5 3. c4 c6 4. Nc3 a6 5. e3 Bg4 6. h3 Bh5 7. cxd5 Bxf3 8. Qxf3 cxd5 9. Bd3 Nc6 10. 0-0 e6 11. Rd1 Be7 12. Bd2 0-0 13. Rac1 Rc8 14. Be1 Nd7 15. Bb1 f5 16. Ne2 1/2-1/2

[Event "BL2-Nord 9900"]
[Site "Germany"]
[Date "2000.03.12"]
[Round "7.6"]
[White "Urban, Julian"]
[Black "Sebastian, Dirk"]
[Result "0-1"]
[WhiteElo "2230"]
[BlackElo "2305"]
[PlyCount "70"]
[EventDate "1999.10.10"]
[EventType "team-tourn"]
[EventRounds "9"]
[EventCountry "GER"]
[SourceTitle "CBM 075 Extra"]
[Source "ChessBase"]
[SourceDate "2000.05.11"]
[SourceVersion "2"]
[SourceVersionDate "2000.05.11"]
[SourceQuality "1"]
[WhiteTeam "Berlin Empor"]
[BlackTeam "Hamburger SK II"]
[WhiteTeamCountry "GER"]
[BlackTeamCountry "GER"]

1. Nf3 g6 2. d4 Bg7 3. c3 d6 4. e4 Nf6 5. Bd3 0-0 6. 0-0 Nbd7 7. Re1 e5 8. Nbd2 Qe7 9. a4 h6 10. Nc4 Re8 11. b3 Nh5 12. Bf1 Nf8 13. dxe5 dxe5 14. Ba3 Qf6 15. Ne3 c6 16. Qc2 Nf4 17. Rad1 Nh3+ 18. Kh1 Nh7 19. Rd6 Be6 20. Be2 Nf4 21. Ng4 Qe7 22. Ngxe5 Bxe5 23. Nxe5 Qg5 24. Bf1 Qxe5 25. g3 Nh5 26. f4 Qg7 27. Bb2 Qf8 28. Red1 Rad8 29. R6d4 Rxd4 30. cxd4 Qb4 31. Bc3 Qxb3 32. Qd2 Bg4 33. Re1 Bf3+ 34. Kg1 Bxe4 35. Bd3 Qd5 0-1